| 000 | 01096cam a22002054a 4500 | ||
|---|---|---|---|
| 005 | 20250605164150.0 | ||
| 008 | 250528s ||||||||||||||||||||||||d | ||
| 035 | _a19346 | ||
| 020 | _a9601210601 | ||
| 040 |
_aGR-AtMCL _bgre _dGR-AtMCL _eAACR2 |
||
| 245 | 1 | _aΑνάγνωση, Γραφή και Άτομα με Σύνδρομο Down | |
| 250 | _a1η | ||
| 260 |
_bUniversity Studio Press, _c2002 |
||
| 300 | _a166 | ||
| 520 | _aΠρόλογος, Οι Ακαδημαϊκές Δυνατότητες των Ατόμων με Σύνδρομο Down, Οι Μαθησιακές Ιδαιτερότητες των Ατόμων με Σύνδρομο Down, Διδακτικές Αρχές της Διδασκαλίας Παιδιών με Σύνδρομο Down, Η Διδασκαλία της Ανάγνωσης στα Παιδιά με Σύνδρομο Down, Μια Ολοκληρωμένη Πρόταση Διδασκαλίας, Η Διδασκαλία της Γραφής, Βιβλιογραφία. | ||
| 700 | 1 |
_aΔαραής Κ. Α _95597 |
|
| 942 | _cBK | ||
| 999 |
_c4605 _d4605 |
||